Biblioteca y Centro de Documentación

El choque de civilizaciones y la reconfiguración del orden mundial (Registro nro. 13581)

Detalles MARC
000 -CABECERA
Longitud fija campo de control 01480nam a2200421 c 4500
001 - NÚMERO DE CONTROL
Número de control 13581
003 - IDENTIFICADOR DE NÚMERO DE CONTROL
Identificador del número de control ES-MaCES
005 - FECHA Y HORA DE LA ÚLTIMA TRANSACCIÓN
Fecha y hora de la última transacción 20231130115418.0
008 - CAMPO FIJO DE DESCRIPCIÓN FIJA--INFORMACIÓN GENERAL
Códigos de información de longitud fija   020417s2001 sp t 000 | spa d
017 ## - NÚMERO DE REGISTRO DE DERECHOS DE AUTOR Y DEPÓSITO LEGAL
Número de copyright o de depósito legal B 46260-2001
Agencia que asigna el número DL
020 ## - ISBN (INTERNATIONAL STANDARD BOOK NUMBER)
Número Internacional Normalizado para Libros (ISBN) 8449303664
035 ## - NÚMERO DE CONTROL DEL SISTEMA
Número de control del sistema CES20020005689m
040 ## - FUENTE DE CATALOGACIÓN
Centro catalogador de origen ES-MaCES
Lengua de catalogación spa
Centro transcriptor ES-MaCES
041 1# - CÓDIGO DE IDIOMA
Código de lengua del texto;banda sonora o título independiente spa
Código de lengua original eng
100 1# - ENCABEZAMIENTO PRINCIPAL--NOMBRE PERSONAL
Nombre de persona Huntington, Samuel P.
9 (RLIN) 15059
245 13 - MENCIÓN DE TÍTULO
Título El choque de civilizaciones y la reconfiguración del orden mundial
Mención de responsabilidad, etc. Samuel P. Huntington ; [traducción de José Pedro Tosaus Abadía]
260 ## - PUBLICACIÓN, DISTRIBUCIÓN, ETC (PIE DE IMPRENTA)
Lugar de publicación, distribución, etc. Barcelona [etc.]
Nombre del editor, distribuidor, etc. Paidós
Fecha de publicación, distribución, etc. [2001]
300 ## - DESCRIPCIÓN FÍSICA
Extensión 422 p.
Dimensiones 24 cm
490 1# - MENCIÓN DE SERIE
Mención de serie Paidós estado y sociedad
Designación de volumen o secuencia 29
500 ## - NOTA GENERAL
Nota general Traducción de: The clash of civilizations and the remaking of world order
500 ## - NOTA GENERAL
Nota general Índices
541 ## - NOTA DE LA FUENTE INMEDIANTE DE ADQUISICIÓN
Forma de adquisición Compra
650 #4 - ASIENTO SECUNDARIO DE MATERIA--TÉRMINO DE MATERIA
Término de materia o nombre geográfico como elemento inicial civilización
9 (RLIN) 27261
650 #4 - ASIENTO SECUNDARIO DE MATERIA--TÉRMINO DE MATERIA
Término de materia o nombre geográfico como elemento inicial cultura
9 (RLIN) 27265
650 #4 - ASIENTO SECUNDARIO DE MATERIA--TÉRMINO DE MATERIA
Término de materia o nombre geográfico como elemento inicial religión
9 (RLIN) 27326
650 #4 - ASIENTO SECUNDARIO DE MATERIA--TÉRMINO DE MATERIA
Término de materia o nombre geográfico como elemento inicial conflicto social
9 (RLIN) 27307
650 #4 - ASIENTO SECUNDARIO DE MATERIA--TÉRMINO DE MATERIA
Término de materia o nombre geográfico como elemento inicial relaciones internacionales
9 (RLIN) 26675
650 #4 - ASIENTO SECUNDARIO DE MATERIA--TÉRMINO DE MATERIA
Término de materia o nombre geográfico como elemento inicial nuevo orden económico internacional
9 (RLIN) 29223
650 #4 - ASIENTO SECUNDARIO DE MATERIA--TÉRMINO DE MATERIA
Término de materia o nombre geográfico como elemento inicial globalización económica
9 (RLIN) 30653
650 #4 - ASIENTO SECUNDARIO DE MATERIA--TÉRMINO DE MATERIA
Término de materia o nombre geográfico como elemento inicial diálogo Norte-Sur
9 (RLIN) 29495
653 10 - TÉRMINO DE INDEXACIÓN--NO CONTROLADO
Término no controlado Ciencias Sociales-Políticas
700 1# - ENCABEZAMIENTO SECUNDARIO--NOMBRE PERSONAL
Nombre de persona Tosaus Abadía, José Pedro
Término indicativo de función tr.
9 (RLIN) 25100
740 42 - ENCABEZAMIENTO SECUNDARIO--TÍTULO ANALÍTICO/RELACIONADO NO CONTROLADO
Título relacionado o analítico no controlado The clash of civilizations and the remaking of world order
830 #0 - ENCABEZAMIENTO SECUNDARIO DE COLECCIÓN--TÍTULO UNIFORME
Título uniforme Paidós Estado y sociedad
Designación de volumen o secuencia 29
9 (RLIN) 32853
902 ## - CES. TIPO DE DOCUMENTO
Tipodoc (006$c Sirtex) LIB Libro
942 ## - ELEMENTOS KOHA
Fuente de clasificaión o esquema Clasificación propia del CES
Koha [por defecto] tipo de item Monografías
Parte de clasificación 7.0.
Existencias
Número de registro Signatura completa Tipo de item de Koha
046762 DPT-8881 Monografías
© CES, Consejo Económico y Social de España 2021